Маркиз де Сад (Запись № 12812834)

Подробности
000 -МАРКЕР
контрольное поле 03103nam0a2200373 4500
001 - ИДЕНТИФИКАТОР ЗАПИСИ
контрольное поле RU\NLR\BIBL_A\012680357
005 - ИДЕНТИФИКАТОР ВЕРСИИ
контрольное поле 20231121174529.0
010 ## - МЕЖДУНАРОДНЫЙ СТАНДАРТНЫЙ НОМЕР КНИГИ (ISBN)
Номер (ISBN) 978-5-6046510-7-0
Тираж 500
021 ## - НОМЕР ГОСУДАРСТВЕННОЙ РЕГИСТРАЦИИ
Код страны Российская Федерация
Номер КН-П-21-062445
Номер Листа государственной регистраци КН-П-21-4893
035 ## - ДРУГИЕ СИСТЕМНЫЕ НОМЕРА
Идентификатор записи (NLR Aleph) 012680357
035 ## - ДРУГИЕ СИСТЕМНЫЕ НОМЕРА
Идентификатор записи (RuMoRGB)010799382
100 ## - ДАННЫЕ ОБЩЕЙ ОБРАБОТКИ
Данные общей обработки 20220110d2021 u y0rusy50 ca
101 0# - ЯЗЫК РЕСУРСА
Язык текста, звукозаписи и т.д. русский
102 ## - СТРАНА ПУБЛИКАЦИИ ИЛИ ПРОИЗВОДСТВА
Страна публикации Российская Федерация
105 ## - ПОЛЕ КОДИРОВАННЫХ ДАННЫХ: ТЕКСТОВЫЕ МАТЕРИАЛЫ, МОНОГРАФИЧЕСКИЕ
Кодированные данные о монографическом текстовом документе ac||z|||000zb
181 #0 - ПОЛЕ КОДИРОВАННЫХ ДАННЫХ: ВИД СОДЕРЖАНИЯ
Код вида содержания (ISBD) i
Код характеристики содержания (ISBD) axxe
182 #0 - ПОЛЕ КОДИРОВАННЫХ ДАННЫХ: ТИП СРЕДСТВА
Код типа средства (ISBD) n - непосредственное
200 1# - ЗАГЛАВИЕ И СВЕДЕНИЯ ОБ ОТВЕТСТВЕННОСТИ
Основное заглавие Маркиз де Сад
Сведения, относящиеся к заглавию великий распутник, скандальный романист или мечтатель-вольнодумец?
Первые сведения об ответственности Сергей Нечаев
203 ## - ВИД СОДЕРЖАНИЯ И ТИП СРЕДСТВА
Вид содержания Текст
Дополнительные сведения об издании визуальный
Тип средства непосредственный
210 ## - ПУБЛИКАЦИЯ, РАСПРОСТРАНЕНИЕ И ДР.
Место издания, распространения и т.д. Москва
Имя издателя, распространителя и т. д. Аргументы недели
Дата издания, распространения и т.д. 2021
215 ## - ФИЗИЧЕСКАЯ ХАРАКТЕРИСТИКА
Специфическое обозначение материала и объем 236, [4] с.
Другие сведения о физической характеристике ил., портр.
Размеры 21
320 ## - ПРИМЕЧАНИЯ О НАЛИЧИИ В ДОКУМЕНТЕ БИБЛИОГРАФИИ / УКАЗАТЕЛЯ
Текст примечания Библиогр. : с. 226-236
330 ## - РЕЗЮМЕ ИЛИ РЕФЕРАТ
Текст примечания Безнравственна ли проповедь полной свободы-без <тормозов> религиозных и этических правил, выработанных тысячелетиями? Сейчас кому-то покажется, что такие ограничения нарушают <права человека>. Но именно к этому призывал своей жизнью и книгами Донасьен де Сад два века назад-к тому, что сегодня, увы, превратилось в стереотипы массовой культуры, которых мы уже и не замечаем, хотя имя этого человека породило термин <садизм>, обозначающий недопустимую немотивированную жестокость. Так чему, собственно, посвятил свою жизнь пресловутый маркиз, заплатив за свои пристрастия феерической чередой арестов и перемещений из одной тюрьмы в другую? Может быть, он всего лишь абсолютизировал некоторые заурядные моменты любовных игр (почитайте <Камасутру>)? Или мы еще не знаем каких-то тайн этого человека?
333 ## - ПРИМЕЧАНИЯ ОБ ОСОБЕННОСТЯХ РАСПРОСТРАНЕНИЯ И ИСПОЛЬЗОВАНИЯ
Текст примечания 16+
600 #1 - ИМЯ ЛИЦА КАК ПРЕДМЕТ
Начальный элемент ввода Сад
Часть имени, кроме начального элемента ввода Д.А.Ф. де
Даты 1740 - 1814
Расширение инициалов личного имени Донасьен Альфонс Франсуа де
Тематический подзаголовок Биография
Системный номер авторитетной/нормативной записи 2112413
Идентификатор авторитетной/нормативной записи RU\NLR\AUTH\661276526
686 1# - ИНДЕКСЫ ДРУГИХ КЛАССИФИКАЦИЙ
Индекс Ш5(4Фр)45-4Сад2
700 #1 - ИМЯ ЛИЦА - ПЕРВИЧНАЯ ОТВЕТСТВЕННОСТЬ
Графика поля Кириллица
Материалы, к которым относится поле rus
Начальный элемент ввода Нечаев
Часть имени, кроме начального элемента ввода С. Ю.
Дополнения к именам, кроме дат писатель, канд. экон. наук
Даты 1957-
Расширение инициалов личного имени Сергей Юрьевич
Системный номер авторитетной/нормативной записи 15966
Идентификатор авторитетной/нормативной записи RU\NLR\AUTH\7732958
702 #1 - ИМЯ ЛИЦА - ВТОРИЧНАЯ ОТВЕТСТВЕННОСТЬ
Код отношения Объект посвящения
Графика поля Кириллица
Материалы, к которым относится поле rus
Начальный элемент ввода Сад
Часть имени, кроме начального элемента ввода Д. А. Ф. де
Даты 1740-1814
Расширение инициалов личного имени Донасьен Альфонс Франсуа де
Системный номер авторитетной/нормативной записи 112717
Идентификатор авторитетной/нормативной записи RU\NLR\AUTH\772709
942 ## - ДОПОЛНИТЕЛЬНЫЕ ЭЛЕМЕНТЫ ЗАПИСИ (АБИС)
Тип экземпляра АБИС Книга
980 ## - КОЛЛЕКЦИЯ
Название коллекции Национальная библиография
Экземпляры
Тип экземпляра Дата поступления Источник поступления Библиотека постоянного хранения Библиотека текущего хранения Место хранения Шифр хранения Штрих-код Статус экземпляра
Книга 10.01.2022 Обязательный экземпляр РНБ (Московский) РНБ (Московский) Русский книжный фонд: издания с 1957 года 2022-3/66 1-3514171  
Книга 10.01.2022 Обязательный экземпляр РНБ (Московский) РНБ (Московский) Русский книжный фонд: издания с 1957 года 2022-3/66 1-3514172